000
00316nam a2200133Ia 4500
008
230917s9999||||xx |||||||||||||| ||und||
040
_e
158790
_a
MAIN
041
_a
English
082
_a
181.4 S73A
100
_a
Sunita Devi
245
0
_a
Astik darshanon mein mithyagyan ka swaroop
300
_a
78 p.
942
_c
TH
999
_c
74399
_d
74399